000 01281cam a2200397 a 4500
001 13813721
003 OSt
005 20140310182912.0
008 040114s2003 ph a b 000 0 eng
010 _a 2003532928
020 _a9711010917
020 _a9627439290 (China)
035 _a(DLC) 2003532928
037 _bLibrary of Congress -- Jakarta Overseas Office
_cP245.00
040 _aDLC
_cDLC
042 _alcode
043 _aa------
050 0 0 _aBL270
_bAn63 2003
082 _aFIL 262.1
_bAn8 2003
100 1 _aAntone, Hope S.
245 1 0 _aReligious education in context of plurality and pluralism /
_cAntone,Hope S.
260 _aQuezon City, Philippines :
_bNew Day Publishers and Christian Conference of Asia,
_cc2003.
300 _axiv, 141 p. :
_bill. ;
_c23 cm.
500 _aRevision of the author's thesis.
504 _aIncludes bibliographical references (p. [137]-141).
521 _aCollege
526 _c1210L-1700L
541 _j1
562 _e1
650 0 _aReligious education
_zAsia.
650 0 _aChristian education
_zAsia.
650 0 _aReligious pluralism
_zAsia.
906 _a7
_bcbc
_corigode
_d3
_encip
_f20
_gy-gencatlg
942 _2lcc
_cBK
_kFIL
999 _c17242
_d17242